000 00500nam a2200181Ia 4500
005 20250326142029.0
008 250326s9999 xx 000 0 und d
037 _aTextbook
040 _aFMSL
_beng
_cFMSL
041 _aeng
_2eng
084 _qFMSL
100 _aHergert Richard
_9745448
245 0 _aDoing business with pascal
_cHergert Richard; Hergert Dougles
260 _aNew Delhi
_bNew Delhi, B P B Publications
_c1983
300 _a382p
942 _cTB
999 _c1293116
_d1293116